Archive of the world : (Record no. 10841)
[ view plain ]
| 000 -CABECERA | |
|---|---|
| campo de control de longitud fija | 03186nam a22005297a 4500 |
| 001 - NÚMERO DE CONTROL | |
| campo de control | BRCA_9222 |
| 003 - IDENTIFICADOR DEL NÚMERO DE CONTROL | |
| campo de control | FranzMayer |
| 005 - FECHA Y HORA DE LA ÚLTIMA TRANSACCIÓN | |
| campo de control | 20220921133212.0 |
| 008 - DATOS DE LONGITUD FIJA--INFORMACIÓN GENERAL | |
| campo de control de longitud fija | 220908b |||||||| |||| 00| 0 eng d |
| 010 ## - NÚMERO DE CONTROL DE LA BIBLIOTECA DEL CONGRESO | |
| Número de control de LC | 2021950512 |
| 020 ## - NÚMERO INTERNACIONAL ESTÁNDAR DEL LIBRO | |
| Número Internacional Estándar del Libro | 9781636810201 |
| 040 ## - FUENTE DE LA CATALOGACIÓN | |
| Lengua de catalogación | spa |
| Centro/agencia transcriptor | MFM |
| 041 1# - CÓDIGO DE LENGUA | |
| Código de lengua del texto/banda sonora o título independiente | eng |
| 050 00 - SIGNATURA TOPOGRÁFICA DE LA BIBLIOTECA DEL CONGRESO | |
| Número de clasificación | N6502.2 |
| Número de documento/Ítem | .A73 2022 |
| 245 00 - MENCIÓN DE TÍTULO | |
| Título | Archive of the world : |
| Resto del título | Art and imagination in Spanish America, 1500-1800 : Highlights from LACMA's Collection / |
| Medio | ed. Ilona Katzew |
| 260 ## - PUBLICACIÓN, DISTRIBUCIÓN, ETC. | |
| Lugar de publicación, distribución, etc. | Los Angeles, California : |
| Nombre del editor, distribuidor, etc. | Los Angeles County Museum of Art, |
| Fecha de publicación, distribución, etc. | 2022 |
| 260 ## - PUBLICACIÓN, DISTRIBUCIÓN, ETC. | |
| Lugar de publicación, distribución, etc. | New York, New York : |
| Nombre del editor, distribuidor, etc. | Delmonico Books / D.A.P., |
| Fecha de publicación, distribución, etc. | 2022 |
| 300 ## - DESCRIPCIÓN FÍSICA | |
| Extensión | 391 p. : |
| Otras características físicas | il., mapas, fot. ; |
| Dimensiones | 23.5 x 28.5 cm. |
| 500 ## - NOTA GENERAL | |
| Nota general | Ubicación: L60-N2 |
| 500 U# - NOTA GENERAL | |
| Nota general | Incluye imagen de la Colección Museo Franz Mayer (p. 312) |
| 500 ## - NOTA GENERAL | |
| Nota general | Índice: p. 5 |
| 500 ## - NOTA GENERAL | |
| Nota general | Publicado con motivo de la exposición del mismo nombre celebrada en Los Angeles County Museum of Art (LACMA), del 12 de junio al 23 de octubre de 2022, y en el Frist Art Museum, Nashville, del 20 de octubre de 2023 al 28 de enero de 2024. |
| 504 ## - NOTA DE BIBLIOGRAFÍA, ETC. | |
| Nota de bibliografía, etc. | Bibliografía: pp. 370-382 |
| 520 8# - SUMARIO, ETC. | |
| Sumario, etc. | Este libro representa el primer estudio completo de las notables colecciones de arte hispanoamericano de LACMA. Tras la llegada de los españoles a las Américas en el siglo XV, la región desarrolló tradiciones artísticas complejas que se inspiraron simultáneamente en el arte indígena, europeo, asiático y africano. En 1565 los españoles conquistaron Filipinas, inaugurando una nueva ruta comercial que conectaba Asia, Europa y América. Las casas particulares y las instituciones cívicas y eclesiásticas de Hispanoamérica se llenaron de objetos importados y de fabricación local. Esta confluencia de riquezas marcó el estatus de las Américas como un importante centro comercial, lo que un autor contemporáneo describió como “el archivo del mundo”. |
| 610 20 - PUNTO DE ACCESO ADICIONAL DE MATERIA--NOMBRE DE ENTIDAD CORPORATIVA | |
| Nombre de entidad corporativa o nombre de jurisdicción como elemento de entrada | Los Angeles County Museum of Art. |
| 9 (RLIN) | 4619 |
| Subdivisión de forma | Exposiciones |
| 650 #0 - PUNTO DE ACCESO ADICIONAL DE MATERIA--TÉRMINO DE MATERIA | |
| Término de materia o nombre geográfico como elemento de entrada | Arte colonial español |
| Subdivisión geográfica | Latinoamerica |
| Subdivisión de forma | Exposiciones |
| 9 (RLIN) | 28510 |
| 650 #0 - PUNTO DE ACCESO ADICIONAL DE MATERIA--TÉRMINO DE MATERIA | |
| Término de materia o nombre geográfico como elemento de entrada | Arte colonial |
| Subdivisión geográfica | Latinoamerica |
| Subdivisión de forma | Exposiciones |
| 9 (RLIN) | 28511 |
| 700 1# - PUNTO DE ACCESO ADICIONAL--NOMBRE DE PERSONA | |
| Nombre de persona | Katzew, Ilona, |
| Término indicativo de función/relación | editor, |
| -- | traductor |
| 9 (RLIN) | 4648 |
| 700 1# - PUNTO DE ACCESO ADICIONAL--NOMBRE DE PERSONA | |
| Nombre de persona | Amador Marrero, Pablo F. |
| Forma completa/desarrollada del nombre | (Pablo Francisco), |
| Término indicativo de función/relación | colaborador |
| 9 (RLIN) | 28520 |
| 700 1# - PUNTO DE ACCESO ADICIONAL--NOMBRE DE PERSONA | |
| Nombre de persona | Martínez, Rafael, |
| Término indicativo de función/relación | colaborador |
| 9 (RLIN) | 28521 |
| 700 1# - PUNTO DE ACCESO ADICIONAL--NOMBRE DE PERSONA | |
| Nombre de persona | Díaz Cayeros, Patricia, |
| Término indicativo de función/relación | colaborador |
| 9 (RLIN) | 9104 |
| 700 1# - PUNTO DE ACCESO ADICIONAL--NOMBRE DE PERSONA | |
| Nombre de persona | Duarte, Carlos F., |
| Término indicativo de función/relación | colaborador |
| 9 (RLIN) | 2686 |
| 700 1# - PUNTO DE ACCESO ADICIONAL--NOMBRE DE PERSONA | |
| Nombre de persona | Esguerra, Clarissa M., |
| Término indicativo de función/relación | colaborador |
| 9 (RLIN) | 28522 |
| 700 1# - PUNTO DE ACCESO ADICIONAL--NOMBRE DE PERSONA | |
| Nombre de persona | Esteras Martín, Cristina, |
| Término indicativo de función/relación | colaborador |
| 700 1# - PUNTO DE ACCESO ADICIONAL--NOMBRE DE PERSONA | |
| Nombre de persona | Flores Enríquez, Alejandra Mayela, |
| Término indicativo de función/relación | colaborador |
| 9 (RLIN) | 20986 |
| 700 1# - PUNTO DE ACCESO ADICIONAL--NOMBRE DE PERSONA | |
| Nombre de persona | Hyman, Aaron M., |
| Fechas asociadas al nombre | 1984- |
| Término indicativo de función/relación | colaborador |
| 9 (RLIN) | 28523 |
| 700 1# - PUNTO DE ACCESO ADICIONAL--NOMBRE DE PERSONA | |
| Nombre de persona | Kaplan, Rachel, |
| Término indicativo de función/relación | colaborador |
| 9 (RLIN) | 28524 |
| 700 1# - PUNTO DE ACCESO ADICIONAL--NOMBRE DE PERSONA | |
| Nombre de persona | Mues Orts, Paula, |
| Término indicativo de función/relación | colaborador |
| 9 (RLIN) | 22524 |
| 700 1# - PUNTO DE ACCESO ADICIONAL--NOMBRE DE PERSONA | |
| Nombre de persona | Peterson, Jeanette Favrot, |
| Término indicativo de función/relación | colaborador |
| 9 (RLIN) | 28525 |
| 700 1# - PUNTO DE ACCESO ADICIONAL--NOMBRE DE PERSONA | |
| Nombre de persona | Phipps, Elena, |
| Término indicativo de función/relación | colaborador |
| 9 (RLIN) | 21036 |
| 700 1# - PUNTO DE ACCESO ADICIONAL--NOMBRE DE PERSONA | |
| Nombre de persona | Reyes, JoAnna M., |
| Término indicativo de función/relación | colaborador |
| 9 (RLIN) | 28526 |
| 700 1# - PUNTO DE ACCESO ADICIONAL--NOMBRE DE PERSONA | |
| Nombre de persona | Stanfield-Mazzi, Maya Selama, |
| Fechas asociadas al nombre | 1972- |
| Término indicativo de función/relación | colaborador |
| 9 (RLIN) | 21091 |
| 700 1# - PUNTO DE ACCESO ADICIONAL--NOMBRE DE PERSONA | |
| Nombre de persona | Sullivan, Edward J., |
| Término indicativo de función/relación | colaborador |
| 9 (RLIN) | 6613 |
| 700 1# - PUNTO DE ACCESO ADICIONAL--NOMBRE DE PERSONA | |
| Nombre de persona | Wuffarden, Luis Eduardo, |
| Término indicativo de función/relación | colaborador |
| 9 (RLIN) | 28527 |
| 942 ## - ELEMENTOS DE PUNTO DE ACCESO ADICIONAL (KOHA) | |
| Fuente del sistema de clasificación o colocación | Library of Congress Classification |
| Tipo de ítem Koha | Libros |
| Estado de retiro | Estado de pérdida | Fuente del sistema de clasificación o colocación | Estado dañado | No para préstamo | Localización permanente | Ubicación/localización actual | Fecha de adquisición | Total de préstamos | Signatura topográfica completa | Código de barras | Fecha visto por última vez | Precio válido a partir de | Tipo de ítem Koha |
|---|---|---|---|---|---|---|---|---|---|---|---|---|---|
| El ejemplar forma parte de la colección y puede ser consultado según las políticas vigentes. | Library of Congress Classification | Biblioteca del Museo Franz Mayer (Rogerio Casas-Alatriste) | Biblioteca del Museo Franz Mayer (Rogerio Casas-Alatriste) | 08/09/2022 | N6502.2 .A73 2022 | CONT10010 | 08/09/2022 | 08/09/2022 | Libros |